000 00294nam a2200097Ia 4500
082 _a914.70486 DIMB
245 0 _aRussia : a journey to the heart of a land and its people
100 _a DIMBLEBY, Jonathan London, 2009
_979366
942 _cBK
008 210817s9999 xx 000 0 und d
999 _c380209
_d380208